000 00851nam a2200265 i 4500
001 bg
245 0 0 _aPodstawy rachunkowości :
_bpraca zbiorowa /
_cpod red. Kazimierza Sawickiego ; aut. Anna Buczkowska [et al.].
250 _aWyd. 5 zm.
260 _aWarszawa :
_bPolskie Wydaw. Ekonomiczne,
_c2005.
300 _a329, [3] s. ;
_c24 cm.
504 _aWykaz aktów prawnych.
650 9 _aRachunkowość
655 _aPodręczniki akademickie
700 1 _aSawicki, Kazimierz
_d(1926- ).
_eRed.
700 1 _aBuczkowska, Anna.
015 _aPB 8996/2002
020 _a8320815924
040 _cBPK
041 0 _apol
080 _a657(075.8)
920 _a83-208-1592-4
942 _cKS
008 s pl f |000 0 pol
999 _c46645
_d46645
856 _uhttp://koha.tu.koszalin.pl/cgi-bin/koha/opac-detail.pl?biblionumber=46645
_yKatalog online BPK